| 000 | 00614nam a2200193 a 4500 | ||
|---|---|---|---|
| 005 | 20250114063753.0 | ||
| 008 | 991125s1986 mx 000 0 spa u | ||
| 035 | _aUPN01000001731 | ||
| 049 | _aCG | ||
| 050 | 4 |
_aPC4701 _bP6.2 |
|
| 100 | 1 | _aPoncelis Vega, José A. | |
| 245 | 1 | 0 |
_aAlgunos medios para enriquecer y precisar el vocabulario / _cpor José A. Poncelis Vega. |
| 260 |
_aMéxico : _bUPN, Academia de Redacción e Investigación Documental, _c1986. |
||
| 300 | _a52 h. | ||
| 440 | 0 |
_aCuaderno ; _v2. _pLéxico |
|
| 650 | 4 |
_aEspañol _xEtimologías _917570 |
|
| 650 | 2 |
_aVocabulario _921137 |
|
| 905 | _aLibro | ||
| 999 |
_c1731 _d1731 |
||